[Event "Sunway Sitges Open 2018"]
[Site "Sitges ESP"]
[Date "2018.12.15"]
[Round "2.19"]
[White "Shubin, Kirill"]
[Black "Halkias, Stelios"]
[Result "1-0"]
[WhiteTitle "FM"]
[BlackTitle "GM"]
[WhiteElo "2334"]
[BlackElo "2552"]
[WhiteFideId "34119962"]
[BlackFideId "4201809"]
[EventDate "2018.12.14"]

1. e4 c6 2. d4 d5 3. exd5 cxd5 4. Bd3 Nc6 5. c3 Nf6 6. Bf4 Bg4 7. Qb3 Qd7 8. Nd2
e6 9. Ngf3 Bd6 10. Bxd6 Qxd6 11. O-O Bxf3 12. Nxf3 Qc7 13. Rae1 O-O 14. Qc2 Rfc8
15. Qe2 Rab8 16. Ne5 Nxe5 17. dxe5 Nd7 18. f4 g6 19. h4 Nc5 20. Bb1 Qe7 21. h5
Qh4 22. Qf3 b5 23. Re2 Qxh5 24. g4 Qh6 25. f5 exf5 26. gxf5 Ne4 27. Rh2 Qg5+ 28.
Rg2 Qe7 29. Bxe4 dxe4 30. Qf4 Rf8 31. f6 Qc5+ 32. Kh1 Rfe8 33. e6 e3 34. Qh6 Qf8
35. Qxf8+ Rxf8 36. e7 Rfe8 37. Rd1 h6 38. Re2 g5 39. Rxe3 Kh7 40. Red3 Kg6 41.
Rd8 Kxf6 42. Rxb8 Rxe7 43. Rxb5 Kg6 44. c4 h5 45. c5 g4 46. c6 h4 47. Rc5 1-0

[Event "Sunway Sitges Open 2018"]
[Site "Sitges ESP"]
[Date "2018.12.15"]
[Round "2.20"]
[White "Esplugas Esteve, Vicenc"]
[Black "Beliavsky, Alexander G"]
[Result "1-0"]
[WhiteTitle "FM"]
[BlackTitle "GM"]
[WhiteElo "2330"]
[BlackElo "2544"]
[WhiteFideId "22200789"]
[BlackFideId "14602377"]
[EventDate "2018.12.14"]

1. d4 d5 2. c4 c6 3. Nc3 Nf6 4. e3 e6 5. Nf3 Nbd7 6. Bd3 dxc4 7. Bxc4 b5 8. Bd3
a6 9. e4 c5 10. d5 c4 11. Bc2 e5 12. O-O Bd6 13. Ne2 Nc5 14. Ng3 Bd7 15. Re1 a5
16. Nf5 Bxf5 17. exf5 O-O 18. Nxe5 Re8 19. Nf3 Rxe1+ 20. Qxe1 Nxd5 21. Bg5 Qf8
22. Qd2 Nb4 23. f6 g6 24. Bh6 Qd8 25. Rd1 Qxf6 26. Qxd6 Qxd6 27. Rxd6 Nxc2 28.
Rb6 b4 29. Rc6 c3 30. bxc3 b3 31. axb3 Nxb3 32. Ne5 a4 33. Rc7 Nc5 34. Rxf7 Ne6
35. Re7 a3 36. Nd7 1-0

[Event "Sunway Sitges Open 2018"]
[Site "Sitges ESP"]
[Date "2018.12.15"]
[Round "2.21"]
[White "Kelires, Andreas"]
[Black "Henni, Mohamed"]
[Result "1-0"]
[WhiteTitle "GM"]
[BlackTitle "IM"]
[WhiteElo "2535"]
[BlackElo "2314"]
[WhiteFideId "5900727"]
[BlackFideId "7900171"]
[EventDate "2018.12.14"]

1. d4 Nf6 2. Nf3 e6 3. g3 d5 4. Bg2 c5 5. c4 Nc6 6. O-O dxc4 7. dxc5 Qxd1 8.
Rxd1 Bxc5 9. Nbd2 Bd7 10. Nxc4 Ke7 11. Bf4 Rhd8 12. Bc7 Rdc8 13. Bd6+ Bxd6 14.
Nxd6 Rc7 15. Rac1 Ne8 16. Nb5 Rcc8 17. Rc3 Nb4 18. Rxc8 Bxc8 19. a3 Nc6 20. Ng5
h6 21. Ne4 a6 22. Nbd6 Nxd6 23. Nxd6 Rb8 24. Bxc6 bxc6 25. b4 a5 26. Nc4 axb4
27. Ne5 Rb6 28. axb4 Ba6 29. Rd7+ Ke8 30. Rxf7 Bxe2 31. Rxg7 Rxb4 32. Rg8+ Ke7
33. Nxc6+ Kf7 34. Nxb4 Kxg8 35. f4 Kf7 36. Nc6 Kf6 37. Kf2 Bc4 38. Ne5 Bd5 39.
g4 h5 40. gxh5 Be4 41. h6 Bb1 42. Kg3 Bc2 43. Kf2 Bb1 44. h4 Bc2 45. h5 Bh7 46.
Ke3 Bg8 47. Ng6 Kf7 48. Kd4 Bh7 49. Ke5 Bg8 50. Nh4 1-0

[Event "Sunway Sitges Open 2018"]
[Site "Sitges ESP"]
[Date "2018.12.15"]
[Round "2.22"]
[White "Harutyunian, Tigran K."]
[Black "Antova, Gabriela"]
[Result "1-0"]
[WhiteTitle "IM"]
[BlackTitle "FM"]
[WhiteElo "2528"]
[BlackElo "2303"]
[WhiteFideId "13303635"]
[BlackFideId "2915235"]
[EventDate "2018.12.14"]

1. Nf3 d5 2. g3 Nf6 3. Bg2 e6 4. d4 Be7 5. c4 O-O 6. Nc3 dxc4 7. Ne5 Nc6 8. Bxc6
bxc6 9. Nxc6 Qe8 10. Nxe7+ Qxe7 11. Qa4 Bb7 12. O-O c5 13. Qxc4 cxd4 14. Qxd4
Rfd8 15. Qh4 Qc5 16. Be3 Qc6 17. f3 Nd5 18. Rfd1 f6 19. Nxd5 Rxd5 20. Rxd5 Qxd5
21. Qa4 a6 22. Rc1 Rd8 23. Rc7 Qd1+ 24. Qxd1 Rxd1+ 25. Kf2 Bd5 26. b3 Ra1 27.
Rc2 Rd1 28. Bd2 e5 29. Ke3 g5 30. Rc5 Bf7 31. Rc6 Kg7 32. Bb4 Ra1 33. Be7 Rxa2
34. Bxf6+ Kf8 35. Rc8+ Be8 36. Bxe5 Kf7 37. Rc7+ Ke6 38. Bc3 Bb5 39. Bd2 Ra3 40.
Rxh7 Rxb3+ 41. Kf2 Rb2 42. Bxg5 Rxe2+ 43. Kg1 Kd5 44. Re7 Ra2 45. h4 a5 46. h5
a4 47. h6 Ra1+ 48. Kg2 Ra2+ 49. Kh3 Bf1+ 50. Kg4 1-0

[Event "Sunway Sitges Open 2018"]
[Site "Sitges ESP"]
[Date "2018.12.15"]
[Round "2.23"]
[White "Dhulipalla, Bala Chandra Prasad"]
[Black "Alonso Rosell, Alvar"]
[Result "0-1"]
[WhiteTitle "IM"]
[BlackTitle "GM"]
[WhiteElo "2328"]
[BlackElo "2524"]
[WhiteFideId "25005812"]
[BlackFideId "2270544"]
[EventDate "2018.12.14"]

1. d4 d5 2. c4 e6 3. Nf3 Nf6 4. g3 dxc4 5. Bg2 a6 6. O-O Nc6 7. e3 Bd7 8. Qe2
Bd6 9. Qxc4 O-O 10. Bd2 Rb8 11. Qc2 b5 12. Ng5 Rb6 13. Nc3 Be7 14. Nge4 Nb4 15.
Nxf6+ Bxf6 16. Qb3 Be7 17. Ne4 a5 18. Nc5 Bc6 19. Bxb4 axb4 20. Rfc1 Bxg2 21.
Kxg2 e5 22. dxe5 Rc6 23. Nd3 Rh6 24. Nxb4 Qd7 25. e6 fxe6 26. Rd1 Qe8 27. Nd3
Qh5 28. h4 g5 29. Ne5 gxh4 30. Qxb5 hxg3 0-1

[Event "Sunway Sitges Open 2018"]
[Site "Sitges ESP"]
[Date "2018.12.15"]
[Round "2.25"]
[White "Stella, Andrea"]
[Black "Ortega Ruiz, Jose Miguel"]
[Result "1/2-1/2"]
[WhiteTitle "GM"]
[BlackTitle "FM"]
[WhiteElo "2503"]
[BlackElo "2298"]
[WhiteFideId "827061"]
[BlackFideId "2209713"]
[EventDate "2018.12.14"]

1. d4 Nf6 2. c4 e6 3. Nc3 Bb4 4. e3 O-O 5. Ne2 d5 6. a3 Be7 7. cxd5 exd5 8. Nf4
Re8 9. Bd3 Bd6 10. O-O Bxf4 11. exf4 Nc6 12. Be3 Ne7 13. Re1 h5 14. f3 Bf5 15.
Bf1 c6 16. Bf2 Ng6 17. Qd2 Qd7 18. Na4 b6 19. b3 Rxe1 20. Bxe1 Ne8 21. Nb2 Nd6
22. Rc1 f6 23. a4 Rc8 24. Bf2 Nf8 25. a5 Ng6 26. axb6 axb6 27. Na4 Rb8 28. Qc3
Ne7 29. Qb4 Qd8 30. Re1 Kf7 31. h3 b5 32. Nc5 Ra8 33. g4 hxg4 34. hxg4 Bc8 35.
Nd3 Ne8 36. f5 Qd6 37. Qxd6 Nxd6 38. Bg3 Nb7 39. Nb4 Ra3 40. Re3 Bxf5 41. Rxe7+
Kxe7 42. Nxc6+ Kd7 43. Nb8+ Kc8 44. gxf5 Rxb3 45. Nc6 Kd7 46. Na7 b4 47. Bb5+
Ke7 48. Be1 Rb1 49. Kf2 b3 50. Bb4+ Kf7 51. Bd3 Ra1 52. Nb5 b2 53. Nc3 Na5 54.
Bxa5 Rxa5 55. Ke3 Ra3 56. Kd2 Rb3 57. Nb1 Ke7 58. Kc2 Rb4 59. Kc3 Rb8 60. Nd2
Kd6 61. Bc2 Re8 62. Kxb2 Re3 63. Bb1 Kc6 64. Kc2 Kb5 65. Ba2 Kc6 66. Bb3 Kd6 67.
Ba4 Kc7 68. Bb3 Kd6 69. Ba4 Kc7 70. f4 Kd6 71. Bb5 Kc7 72. Bd3 Kb6 73. Kc3 Kc6
74. Nb3 Rf3 75. Nc5 Rxf4 76. Ne6 Rg4 77. Nf8 Kd6 78. Ng6 Kc6 79. Bc2 Kd6 80. Kd3
Rg3+ 81. Kd2 Rg2+ 82. Kc3 Rg4 83. Bd3 Kc6 84. Be2 Rg3+ 85. Kd2 Kd6 86. Nf4 Rg5
87. Bd3 Rg1 88. Ke2 Rh1 89. Kf2 Rh4 90. Ke3 Rh1 91. Be2 Rg1 92. Kf2 Rg5 93. Bd3
Rg4 94. Ne2 Rh4 95. Kg2 Rh8 96. Nf4 Rh4 97. Kf3 Rh1 98. Bc2 Rf1+ 99. Ke3 Re1+
100. Kf2 Rh1 101. Bd3 Rh4 102. Kg3 Rh1 103. Be2 Rg1+ 104. Kh3 Rh1+ 105. Kg2 Rh4
106. Kg3 Rh1 107. Bf3 Rg1+ 108. Kh3 Ra1 109. Kg3 Rg1+ 110. Bg2 Rd1 111. Ne2 Ra1
112. Bf3 Ra3 113. Nf4 Ra4 114. Ne2 Ra3 115. Kf4 Rd3 116. Kg4 Ra3 117. Kg3 Rd3
118. Kf2 Ra3 119. Nf4 Ra2+ 120. Ke3 Ra3+ 121. Nd3 Ra1 122. Bg2 Ra3 123. Bf3 Ra1
124. Nf4 Ra3+ 125. Kf2 1/2-1/2

[Event "Sunway Sitges Open 2018"]
[Site "Sitges ESP"]
[Date "2018.12.16"]
[Round "3.1"]
[White "Andreikin, Dmitry"]
[Black "Harutyunian, Tigran K."]
[Result "1-0"]
[WhiteTitle "GM"]
[BlackTitle "IM"]
[WhiteElo "2719"]
[BlackElo "2528"]
[WhiteFideId "4158814"]
[BlackFideId "13303635"]
[EventDate "2018.12.14"]

1. e4 e5 2. Nf3 Nc6 3. d4 exd4 4. Nxd4 Bc5 5. Be3 Qf6 6. c3 Nge7 7. Bb5 Bb6 8.
O-O O-O 9. a4 Bxd4 10. cxd4 d5 11. Nc3 dxe4 12. d5 Ne5 13. Nxe4 Qh4 14. Re1 Ng4
15. Bf4 f5 16. Bg3 Qh5 17. d6 cxd6 18. Nxd6 f4 19. Bc4+ Kh8 20. Nf7+ Qxf7 21.
Bxf7 fxg3 22. hxg3 Nc6 23. Re8 Bf5 24. Rxa8 Rxa8 25. Qd5 1-0

[Event "Sunway Sitges Open 2018"]
[Site "Sitges ESP"]
[Date "2018.12.16"]
[Round "3.2"]
[White "Inarkiev, Ernesto"]
[Black "Alonso Rosell, Alvar"]
[Result "0-1"]
[WhiteTitle "GM"]
[BlackTitle "GM"]
[WhiteElo "2693"]
[BlackElo "2524"]
[WhiteFideId "4162722"]
[BlackFideId "2270544"]
[EventDate "2018.12.14"]

1. e4 e5 2. Nf3 Nc6 3. Bb5 a6 4. Ba4 d6 5. c3 Bd7 6. O-O g6 7. d4 Bg7 8. h3 Nf6
9. Re1 O-O 10. Bc2 Re8 11. Nbd2 b5 12. Nf1 Na5 13. b3 c5 14. d5 Nh5 15. Bg5 Qc7
16. Ng3 Nf4 17. Qd2 Nb7 18. Rac1 a5 19. Bxf4 exf4 20. Qxf4 Bxc3 21. e5 Bxe5 22.
Nxe5 dxe5 23. Qf6 Qd8 24. Ne4 Bf5 25. Qxd8 Rexd8 26. Nf6+ Kg7 27. Nh5+ gxh5 28.
Bxf5 Nd6 29. Bb1 c4 30. bxc4 bxc4 31. Rxe5 Rab8 32. Rxh5 Rb2 33. Rxh7+ Kg8 34.
Rh5 Rdb8 35. Rg5+ Kh8 36. Bf5 Rxa2 37. Bd7 a4 38. Rd1 Rg8 39. Re5 a3 40. Re3 Rb8
41. Rg3 Rb3 42. Rg5 Rd3 43. Re1 Rad2 44. Ra1 Rb3 45. Kh2 a2 46. Re5 Rb1 47. Re1
Rxe1 48. Rxe1 c3 49. Ra1 c2 50. Ba4 Rd1 0-1

[Event "Sunway Sitges Open 2018"]
[Site "Sitges ESP"]
[Date "2018.12.16"]
[Round "3.3"]
[White "Henderson de La Fuente, Lance"]
[Black "Sasikiran, Krishnan"]
[Result "0-1"]
[WhiteTitle "IM"]
[BlackTitle "GM"]
[WhiteElo "2484"]
[BlackElo "2673"]
[WhiteFideId "32096585"]
[BlackFideId "5004985"]
[EventDate "2018.12.14"]

1. e4 c5 2. Nf3 d6 3. d4 cxd4 4. Nxd4 Nf6 5. Nc3 a6 6. h3 e5 7. Nde2 h5 8. Bg5
Be6 9. Bxf6 Qxf6 10. Nd5 Qd8 11. Qd3 Nd7 12. O-O-O Rc8 13. Kb1 g6 14. f4 Rc5 15.
Nec3 exf4 16. Qd4 Rg8 17. Nxf4 Qf6 18. Nxe6 fxe6 19. Qb4 Rc7 20. e5 Qxe5 21. Bd3
d5 22. Qa4 Kd8 23. Rhe1 Qd6 24. Qh4+ Be7 25. Qf2 Rxc3 26. bxc3 Bf6 27. Bc4 Bxc3
28. Re3 Qa3 29. Rxc3 Qxc3 30. Bb3 Rf8 31. Qh4+ Kc7 32. Qe7 Rf6 33. Ba4 b5 34.
Bb3 Qc5 35. Qh7 a5 36. c3 a4 37. Bc2 Kd6 38. Bxg6 Qxc3 39. Be8 Qb4+ 40. Ka1 Qc3+
41. Kb1 Nc5 42. Qa7 Rf2 0-1

[Event "Sunway Sitges Open 2018"]
[Site "Sitges ESP"]
[Date "2018.12.16"]
[Round "3.4"]
[White "Edouard, Romain"]
[Black "Dragnev, Valentin"]
[Result "1/2-1/2"]
[WhiteTitle "GM"]
[BlackTitle "GM"]
[WhiteElo "2644"]
[BlackElo "2483"]
[WhiteFideId "633429"]
[BlackFideId "1634852"]
[EventDate "2018.12.14"]

1. d4 Nf6 2. c4 e6 3. Nc3 Bb4 4. e3 O-O 5. Bd3 d5 6. Nf3 dxc4 7. Bxc4 c5 8. O-O
cxd4 9. exd4 b6 10. Bg5 Bb7 11. Qe2 Bxc3 12. bxc3 Nbd7 13. Bb3 Qc7 14. c4 h6 15.
Bc1 Rfe8 16. Nd2 e5 17. d5 b5 18. cxb5 Nxd5 19. Ne4 1/2-1/2

[Event "Sunway Sitges Open 2018"]
[Site "Sitges ESP"]
[Date "2018.12.16"]
[Round "3.5"]
[White "Gukesh, D"]
[Black "Vocaturo, Daniele"]
[Result "0-1"]
[WhiteTitle "IM"]
[BlackTitle "GM"]
[WhiteElo "2466"]
[BlackElo "2629"]
[WhiteFideId "46616543"]
[BlackFideId "813192"]
[EventDate "2018.12.14"]

1. Nf3 Nf6 2. g3 e6 3. Bg2 d5 4. O-O Be7 5. d3 O-O 6. Nbd2 c5 7. e4 Nc6 8. Re1
Qc7 9. exd5 exd5 10. d4 Bg4 11. dxc5 Bxc5 12. Nb3 Bb6 13. Bf4 Qd7 14. Be3 d4 15.
Bg5 Nd5 16. Rc1 Rfe8 17. Qd2 f6 18. Bf4 g5 19. Bxg5 fxg5 20. Qxg5+ Kh8 21. Nh4
Nc7 22. Nc5 Bxc5 23. Qxc5 Ne6 24. Qb5 a6 25. Qd3 Ng5 26. Qd2 Qg7 27. Rxe8+ Rxe8
28. Re1 Rxe1+ 29. Qxe1 Bd7 30. f4 Nf7 31. Qd2 Nd6 32. Qd3 Qf6 33. c3 dxc3 34.
bxc3 Be8 35. Qe3 Bf7 36. a4 Nc4 37. Qc5 Qd6 38. Qg5 Ne3 39. Bf3 h6 40. Nf5 Nxf5
41. Qxf5 Kg7 42. Qg4+ Kf8 43. Qf5 Nd8 44. Qa5 Ke7 45. h4 Be6 46. h5 Bd7 47. c4
Qd4+ 48. Kg2 Qxc4 49. Qe5+ Qe6 50. Qc5+ Ke8 51. Qd4 Qh3+ 52. Kf2 Qh2+ 53. Bg2
Bc6 54. Qe5+ Kd7 55. Qg7+ Kc8 56. Qg4+ Kb8 57. Qh3 Qxg2+ 58. Qxg2 Bxg2 59. Kxg2
b5 60. axb5 a5 61. g4 Nf7 0-1

[Event "Sunway Sitges Open 2018"]
[Site "Sitges ESP"]
[Date "2018.12.16"]
[Round "3.6"]
[White "Adly, Ahmed"]
[Black "Pogonina, Natalija"]
[Result "1-0"]
[WhiteTitle "GM"]
[BlackTitle "WGM"]
[WhiteElo "2626"]
[BlackElo "2465"]
[WhiteFideId "10601619"]
[BlackFideId "4147855"]
[EventDate "2018.12.14"]

1. Nf3 d5 2. g3 c6 3. Bg2 Bg4 4. O-O Nf6 5. d3 Nbd7 6. Nbd2 e5 7. e4 Bd6 8. h3
Bh5 9. exd5 Nxd5 10. Nc4 Bc7 11. g4 Bg6 12. Re1 O-O 13. Ncxe5 Nxe5 14. Nxe5 Re8
15. Nxg6 fxg6 16. Rxe8+ Qxe8 17. Bxd5+ cxd5 18. Be3 Qf7 19. c3 h5 20. Qf1 Re8
21. Re1 Kh7 22. a3 a6 23. Qg2 b5 24. Kf1 Be5 25. Bc1 Re6 26. Qxd5 Bg3 27. Re2
Rf6 28. Qxf7 Rxf7 29. Kg2 Bh4 30. g5 Rf5 31. f4 Rd5 32. d4 Rf5 33. b3 Rd5 34.
Re4 Rf5 35. c4 bxc4 36. bxc4 a5 37. d5 1-0

[Event "Sunway Sitges Open 2018"]
[Site "Sitges ESP"]
[Date "2018.12.16"]
[Round "3.7"]
[White "Lagarde, Maxime"]
[Black "Soumya, Swaminathan"]
[Result "1-0"]
[WhiteTitle "GM"]
[BlackTitle "WGM"]
[WhiteElo "2616"]
[BlackElo "2428"]
[WhiteFideId "662399"]
[BlackFideId "5016193"]
[EventDate "2018.12.14"]

1. e4 c5 2. Nf3 Nc6 3. d4 cxd4 4. Nxd4 Nf6 5. Nc3 d6 6. f3 e5 7. Nb3 Be7 8. Be3
O-O 9. Qd2 a5 10. Bb5 Na7 11. Bxa7 Rxa7 12. a4 Be6 13. O-O-O Ne8 14. Kb1 Nc7 15.
Qd3 Nxb5 16. Nxb5 Ra6 17. c4 Qc8 18. Nd2 Qc5 19. Rhe1 Rc6 20. b3 Bd8 21. Nf1 Bb6
22. Ne3 Qb4 23. Nc2 Qc5 24. Rd2 f5 25. Nc3 f4 26. Nb5 Rd8 27. Red1 Rd7 28. g3 g5
29. Qf1 Bd8 30. gxf4 gxf4 31. Ne1 Ra6 32. Nd3 Qc8 33. Nxe5 dxe5 34. Rxd7 Bxd7
35. Qd3 Rg6 36. Qxd7 Qxd7 37. Rxd7 Rg1+ 38. Kc2 Bb6 39. b4 axb4 40. Rxb7 Bc5 41.
Rc7 Be3 42. c5 1-0

[Event "Sunway Sitges Open 2018"]
[Site "Sitges ESP"]
[Date "2018.12.16"]
[Round "3.8"]
[White "Romanov, Evgeny"]
[Black "Ahlander, Bjorn"]
[Result "1/2-1/2"]
[WhiteTitle "GM"]
[BlackTitle "IM"]
[WhiteElo "2614"]
[BlackElo "2417"]
[WhiteFideId "4148843"]
[BlackFideId "1700251"]
[EventDate "2018.12.14"]

1. b3 e5 2. Bb2 Nc6 3. c4 g6 4. h4 h5 5. g3 Bg7 6. Bg2 d6 7. Nc3 Nf6 8. Nf3 O-O
9. Ng5 Nd4 10. e3 Nf5 11. Ne2 Rb8 12. d4 Qe7 13. Qd2 exd4 14. Nxd4 Nxd4 15. Bxd4
c5 16. Bc3 b5 17. cxb5 Rxb5 18. O-O Bb7 19. e4 Ng4 20. Bxg7 Kxg7 21. Rad1 Rb6
22. Rfe1 f6 23. Nh3 Rd8 24. Nf4 Rb4 25. Qc2 Qf7 26. Nd5 Bxd5 27. Rxd5 Qe7 28.
Red1 Ne5 29. Qd2 Nf7 30. f4 a5 31. f5 a4 32. fxg6 Ne5 33. bxa4 Rxa4 34. Qe2 Ra3
35. Qxh5 Rh8 36. Qf5 c4 37. Rxd6 Rd3 38. R6xd3 cxd3 39. h5 Qa7+ 40. Qf2 Qxf2+
41. Kxf2 Rxh5 42. a4 Rh8 43. a5 Rc8 44. Bf1 Rc2+ 45. Ke3 Ra2 46. Bxd3 Rxa5 47.
Be2 Kxg6 48. Rd8 1/2-1/2

[Event "Sunway Sitges Open 2018"]
[Site "Sitges ESP"]
[Date "2018.12.16"]
[Round "3.9"]
[White "Peralta, Fernando"]
[Black "Raja, Rithvik R"]
[Result "1/2-1/2"]
[WhiteTitle "GM"]
[BlackTitle "IM"]
[WhiteElo "2584"]
[BlackElo "2415"]
[WhiteFideId "105309"]
[BlackFideId "35007394"]
[EventDate "2018.12.14"]

1. d4 Nf6 2. c4 e6 3. Nc3 Bb4 4. e3 b6 5. Ne2 c5 6. a3 Ba5 7. Rb1 Qe7 8. Bd2 O-O
9. d5 Bxc3 10. Nxc3 exd5 11. cxd5 Ne4 12. Bd3 Nxd2 13. Qxd2 d6 14. O-O Ba6 15.
Bxa6 Nxa6 16. e4 Nb8 17. Rbe1 Nd7 18. f4 Rae8 19. Re3 g6 20. Rfe1 Qf6 21. g3 Qd4
22. Qf2 a6 23. Rd1 Qg7 24. a4 Re7 25. Qe2 Ra8 26. Kh1 f6 27. Nb1 Rae8 28. Nc3
Ra8 29. Re1 Qf8 30. Nb1 Qb8 31. Na3 Qb7 32. Nc4 Qc7 33. Na3 Qb7 34. Nc4 Qc7 35.
Nd2 Qb7 36. Nc4 1/2-1/2

[Event "Sunway Sitges Open 2018"]
[Site "Sitges ESP"]
[Date "2018.12.16"]
[Round "3.10"]
[White "Lopez Martinez, Josep Manuel"]
[Black "Arjun, Kalyan"]
[Result "1-0"]
[WhiteTitle "GM"]
[BlackTitle "IM"]
[WhiteElo "2580"]
[BlackElo "2406"]
[WhiteFideId "2212943"]
[BlackFideId "35018701"]
[EventDate "2018.12.14"]

1. Nf3 d5 2. d4 Nf6 3. c4 c6 4. Nc3 e6 5. Bg5 dxc4 6. e4 b5 7. e5 h6 8. Bh4 g5
9. Nxg5 hxg5 10. Bxg5 Nbd7 11. exf6 Bb7 12. g3 Qb6 13. Bg2 O-O-O 14. O-O c5 15.
d5 b4 16. Rb1 Qa6 17. dxe6 Bxg2 18. e7 Bxf1 19. Kxf1 Bxe7 20. fxe7 Rdg8 21. Ne4
Rxg5 22. Nxg5 Re8 23. Kg1 Qg6 24. h4 f6 25. Nf3 Rxe7 26. Rc1 Qd3 27. Kg2 Qxd1
28. Rxd1 Re2 29. Nd2 c3 30. bxc3 bxc3 31. Nc4 Rxa2 32. Rc1 c2 33. h5 Kd8 34. h6
Nf8 35. Ne3 Ke8 36. Nxc2 Kf7 37. Ne3 Kg6 38. Rh1 Rd2 39. g4 Rd7 40. f4 Rh7 41.
Rh5 Rxh6 42. Rxc5 Rh7 43. Rc8 Rf7 44. Kf3 Kh7 45. Nd5 Ng6 46. Ke4 Kg7 47. Ra8
Rb7 48. f5 Ne5 49. g5 Nd7 50. g6 Nb6 51. Re8 Nxd5 52. Kxd5 Rb5+ 53. Ke4 Rb4+ 54.
Kf3 Rb7 55. Ra8 Rb3+ 56. Ke4 Rb4+ 57. Kd3 Rb7 58. Rd8 Re7 59. Rd5 Rc7 60. Kd4
Kh6 61. Rc5 Rd7+ 62. Kc4 Kg7 63. Rd5 Rc7+ 64. Kb5 Kh6 65. Rc5 Re7 66. Kc6 Kg7
67. Kd6 Rb7 68. Ra5 Kf8 69. Ra6 Kg7 70. Ke6 Rc7 71. Rd6 Rb7 72. Rc6 a5 73. Ra6
a4 74. Rxa4 Rb6+ 75. Kd5 Rb5+ 76. Ke4 Re5+ 77. Kf4 Re7 78. Ra5 Kh6 79. Ra8 Kg7
80. Rd8 Ra7 81. Ke4 Ra4+ 82. Rd4 Ra7 83. Rc4 Rd7 84. Rc5 Kh6 85. Rd5 Re7+ 86.
Kd4 Rc7 87. Rc5 Rd7+ 88. Kc4 Kg5 89. Kb5 Rd6 90. Rc8 Rd7 91. Rc5 Rd6 92. Kc4 Rd7
93. Rd5 Rc7+ 94. Kb5 Ra7 95. Kb6 Ra1 96. Rd8 Kh6 97. Rf8 Rb1+ 98. Kc7 Rc1+ 99.
Kd7 1-0

[Event "Sunway Sitges Open 2018"]
[Site "Sitges ESP"]
[Date "2018.12.16"]
[Round "3.11"]
[White "Garriga Cazorla, Pere"]
[Black "Nihal, Sarin"]
[Result "0-1"]
[WhiteTitle "IM"]
[BlackTitle "GM"]
[WhiteElo "2448"]
[BlackElo "2576"]
[WhiteFideId "32011601"]
[BlackFideId "25092340"]
[EventDate "2018.12.14"]

1. d4 d5 2. c4 c6 3. Nf3 Nf6 4. Nc3 e6 5. e3 Nbd7 6. Qc2 Bd6 7. Bd3 O-O 8. O-O
dxc4 9. Bxc4 b5 10. Be2 Bb7 11. e4 e5 12. dxe5 Nxe5 13. Nd4 Neg4 14. g3 Bc5 15.
Nf5 Re8 16. Bxg4 Nxg4 17. Bf4 Qf6 18. Rad1 Rad8 19. h3 Ne5 20. Rxd8 Rxd8 21. Rd1
Nf3+ 22. Kg2 Nd4 23. Nxd4 Bxd4 24. Qc1 c5 25. f3 Qc6 26. g4 b4 27. Ne2 Bf6 28.
Rxd8+ Bxd8 29. Be3 Be7 30. b3 a5 31. Nf4 Ba6 32. Nd5 Bf8 33. a3 c4 34. axb4 axb4
35. bxc4 Qxc4 36. Qa1 Bb7 37. Qe5 Bxd5 38. exd5 Qe2+ 39. Kg3 b3 40. d6 b2 41. d7
b1=Q 42. d8=Q Qbe1+ 43. Kf4 Qh2+ 0-1

[Event "Sunway Sitges Open 2018"]
[Site "Sitges ESP"]
[Date "2018.12.16"]
[Round "3.12"]
[White "Petrosyan, Manuel"]
[Black "Shubin, Kirill"]
[Result "1-0"]
[WhiteTitle "GM"]
[BlackTitle "FM"]
[WhiteElo "2565"]
[BlackElo "2334"]
[WhiteFideId "13300857"]
[BlackFideId "34119962"]
[EventDate "2018.12.14"]

1. d4 e6 2. c4 Nf6 3. Nf3 Bb4+ 4. Nbd2 O-O 5. a3 Be7 6. e4 d6 7. Be2 Nbd7 8. Qc2
c5 9. O-O cxd4 10. Nxd4 a6 11. b4 Qc7 12. Bb2 b6 13. Qc3 Bb7 14. Qe3 g6 15. Rac1
Rfe8 16. g4 e5 17. Nc2 Nf8 18. f4 Ne6 19. f5 Nf4 20. Rxf4 exf4 21. Qxf4 Nxe4 22.
Nxe4 Bxe4 23. Qxe4 Bf6 24. Qxa8 Rxa8 25. Bxf6 Re8 26. Nd4 d5 27. fxg6 hxg6 28.
Rf1 Qd6 29. g5 dxc4 30. Rf3 Re5 31. Rf4 Rf5 32. Rxf5 gxf5 33. Bxc4 Qf4 34. Bxa6
Qg4+ 35. Kf2 Qh4+ 36. Ke3 Qe4+ 37. Kd2 f4 38. Be2 Qe3+ 39. Kc2 Qxa3 40. b5 Qe3
41. h4 Qf2 42. Kd3 Qxh4 43. Ke4 Kf8 44. Bf3 Ke8 45. Kf5 Qg3 46. Bc6+ Kf8 47. Nf3
Qh3+ 48. Kxf4 Qe6 49. Bd4 Qd6+ 50. Kg4 Qd8 51. Be5 Qe7 52. Kf5 Qe6+ 53. Kf4 Qc4+
54. Bd4 Qb4 55. Kg3 Qd6+ 56. Kf2 Qd8 57. Kf1 Kg8 58. Ke2 Qe7+ 59. Kd1 Qd6 60.
Kc2 Qd8 61. Kc3 Kh7 62. Be3 Qc7 63. Kb3 Qd8 64. Be4+ Kg8 65. Bd4 Qd6 66. Bc6 Qd8
67. Kc4 Kh7 68. Be3 Qc7 69. Nd2 Qd6 70. Ne4 Qe6+ 71. Kc3 Qh3 72. Nf6+ Kg6 73.
Nd5 Qg3 74. Kd3 Qd6 75. Kc4 Qe6 76. Bxb6 Kxg5 77. Be3+ Kf5 78. Kc5 1-0

[Event "Sunway Sitges Open 2018"]
[Site "Sitges ESP"]
[Date "2018.12.16"]
[Round "3.13"]
[White "Kulaots, Kaido"]
[Black "Esplugas Esteve, Vicenc"]
[Result "1-0"]
[WhiteTitle "GM"]
[BlackTitle "FM"]
[WhiteElo "2555"]
[BlackElo "2330"]
[WhiteFideId "4500261"]
[BlackFideId "22200789"]
[EventDate "2018.12.14"]

1. e4 e6 2. d4 d5 3. Nc3 Nf6 4. Bg5 Bb4 5. e5 h6 6. Be3 Ne4 7. Qg4 g6 8. a3
Bxc3+ 9. bxc3 c5 10. Bd3 h5 11. Qf4 g5 12. Qf3 Nxc3 13. dxc5 Nd7 14. Qg3 h4 15.
Qxg5 Qxg5 16. Bxg5 Nxc5 17. Bf6 Rh6 18. Nf3 h3 19. Rg1 N3e4 20. g4 Bd7 21. g5
Rh5 22. Ke2 Kf8 23. Ke3 Rc8 24. Rg4 Nxd3 25. cxd3 Rc3 26. Rag1 Bb5 27. Ne1 Rxa3
28. f3 Nc5 29. g6 Nxd3 30. Nc2 Ra2 31. Nd4 Nxe5 32. g7+ Kg8 33. Nxb5 Nxg4+ 34.
fxg4 Rh6 35. g5 Rh4 36. Rc1 Rc4 37. Rxc4 dxc4 38. Nd6 Rg2 39. Nc8 Rxg5 40. Bxg5
Kxg7 41. Nxa7 Kg6 42. Bh4 Kf5 43. Nb5 Ke5 44. Nc3 f5 45. Bg3+ Kf6 46. Kd4 Kg5
47. Be5 Kg4 48. Ke3 Kg5 49. Kf3 Kh4 50. Kf4 Kh5 51. Kg3 Kg5 52. Nb5 f4+ 53.
Bxf4+ Kf5 54. Kf3 e5 55. Bg3 1-0

[Event "Sunway Sitges Open 2018"]
[Site "Sitges ESP"]
[Date "2018.12.16"]
[Round "3.14"]
[White "Sadhwani, Raunak"]
[Black "Kelires, Andreas"]
[Result "1-0"]
[WhiteTitle "IM"]
[BlackTitle "GM"]
[WhiteElo "2434"]
[BlackElo "2535"]
[WhiteFideId "35093487"]
[BlackFideId "5900727"]
[EventDate "2018.12.14"]

1. e4 e5 2. Nf3 Nc6 3. Bc4 Nf6 4. Ng5 d5 5. exd5 Na5 6. Bb5+ c6 7. dxc6 bxc6 8.
Bd3 Nd5 9. h4 Nf4 10. Bf1 h6 11. Ne4 Ne6 12. g3 Be7 13. Bg2 O-O 14. d3 f5 15.
Ned2 f4 16. O-O Rb8 17. Ne4 c5 18. Nbd2 Nc6 19. Nf3 Ba6 20. b3 Qc7 21. Bb2 Rbe8
22. Re1 Ned4 23. Bxd4 exd4 24. Kh2 Bc8 25. Bh3 Bxh3 26. Kxh3 fxg3 27. fxg3 Nb4
28. Nfd2 Qd7+ 29. Kh2 Rf5 30. Rf1 Rxf1 31. Nxf1 Qf5 32. Nfd2 Rf8 33. Nc4 Bd8 34.
Qe2 Bc7 35. Kg2 Qd5 36. a3 Nc6 37. Rf1 Re8 38. Qf3 Kh8 39. Ned6 Re2+ 40. Rf2
Qxf3+ 41. Kxf3 Re3+ 42. Nxe3 dxe3 43. Nf7+ Kg8 44. Kxe3 c4 1-0